Normal view
MARC view
Entry Personal Name
001 - CONTROL NUMBER
- control field: 44278
003 - CONTROL NUMBER IDENTIFIER
- control field: dpl
005 - DATE AND TIME OF LATEST TRANSACTION
- control field: 20120326114637.0
008 - FIXED-LENGTH DATA ELEMENTS
- fixed length control field: 120326|||a|||||| | ||| d
040 ## - CATALOGING SOURCE
- Original cataloging agency: dpl
- Transcribing agency: dpl
100 ## - HEADING--PERSONAL NAME
- Personal name: नैयर, सुशीला
670 ## - SOURCE DATA FOUND
- Source citation: Work cat.: (dpl)58724: नैयर, सुशीला, बापू की कारावास कहानीःआग़ाखां महल में इक्कीस मास/, 2008
670 ## - SOURCE DATA FOUND
- Source citation: Work cat.: (dpl)58724: नैयर, सुशीला, बापू की कारावास कहानीःआग़ाखां महल में इक्कीस मास/, 2008
